|
|
|
|
| LEADER |
00000cam a22000004a 4500 |
| 001 |
musev2_55348 |
| 003 |
MdBmJHUP |
| 005 |
20230905045712.0 |
| 006 |
m o d |
| 007 |
cr||||||||nn|n |
| 008 |
990723s1998 sp o 00 0 cat d |
| 010 |
|
|
|z 99229599
|
| 020 |
|
|
|a 9788484095583
|
| 020 |
|
|
|z 9788484090113
|
| 040 |
|
|
|a MdBmJHUP
|c MdBmJHUP
|
| 050 |
0 |
4 |
|a MLCM 2003/03466 (H)
|
| 100 |
1 |
|
|a Eritja Ciuró, Xavier.
|
| 245 |
1 |
0 |
|a De l'Almunia a la Turris: organització de l'espai a la regió de Lleida (segles XI-XIII). /
|c Xavier Eritja Ciuró.
|
| 264 |
|
1 |
|a Lleida :
|b Universitat de Lleida,
|c 1998.
|
| 264 |
|
3 |
|a Baltimore, Md. :
|b Project MUSE,
|c 0000
|
| 264 |
|
4 |
|c ©1998.
|
| 300 |
|
|
|a 1 online resource:
|b maps ;
|
| 336 |
|
|
|a text
|b txt
|2 rdacontent
|
| 337 |
|
|
|a computer
|b c
|2 rdamedia
|
| 338 |
|
|
|a online resource
|b cr
|2 rdacarrier
|
| 504 |
|
|
|a Includes bibliographical references (p. 93-100).
|
| 588 |
|
|
|a Description based on print version record.
|
| 650 |
|
0 |
|a Land use
|z Spain
|z Lerida (Province)
|x History.
|
| 653 |
|
|
|a Lerida (Cataluña : España)
|a Historia
|a Siglos XI-XIII.
|
| 655 |
|
7 |
|a Electronic books.
|2 local
|
| 710 |
2 |
|
|a Project Muse.
|e distributor
|
| 830 |
|
0 |
|a Book collections on Project MUSE.
|
| 856 |
4 |
0 |
|z Texto completo
|u https://projectmuse.uam.elogim.com/book/55348/
|
| 945 |
|
|
|a Project MUSE - Custom Collection
|